000 01096nam a2200277Ia 4500
003 OSt
005 20220923211454.0
006 a|||||r|||| 00| 0
007 ta
008 220922b |||||||| |||| 00| 0 hin d
020 _a9789350726372 (hbk)
_c795
024 _a348,754
037 _bGV791, 21/02/2019, Vani Prakashan
_cTextual
040 _aARTS
_cARTS
_bhin
041 _2hin
_ahin
082 _aO44(Y5927):g(Z), Q4
100 _aबेचैन, श्यौराज सिंह, संपा.
_9160574
245 0 _aसामाजिक न्याय और दलित साहित्य
246 _aSāmājik nyāya aur dalit sāhitya
260 _aनयी दिल्ली
_b वाणी प्रकाशन
_c2018
300 _a372पृ.
_ccm.
650 _a दलित साहित्य
650 _aहिन्दी साहित्य
_9156264
942 _hO44(Y5927):g(Z), Q4
_cTEXL
_2CC
999 _c299870
_d299870